000 00630nam a2200193Ia 4500
005 20250508165919.0
008 008 250505s9999 xx 000 0 eng d
020 _a978-81-927338-4-5
037 _aTextual
040 _aFEDL
_beng
_cFEDL
041 _aeng
_2eng
084 _a361.610 68, RAM
_qFEDL
100 _aRam Ramakrishnan
_9782399
245 0 _aFocus 5: A practical guide for career growth
260 _aBangalore, India
_bAtmaram N Gangaram
_c2015
546 _aGifted by H.O.D. Namita Ranganathan in memory of Prof. Arvind Gaysu
942 _cTEXL
_h361.610 68, RAM
999 _c1398163
_d1398163